000 01131nam a22002537a 4500
008 230724s2023 xxk|||||ol|||o00| 0 eng d
041 _aeng
110 _aParliament
245 _aSocial Housing (Regulation) Act 2023
260 _c2023
500 _aAchieved Royal Assent 20 July 2023
520 _aAn Act to make provision about the regulation of social housing; about the terms of approved schemes for the investigation of housing complaints; about the powers and duties of a housing ombudsman appointed under an approved scheme; about hazards affecting social housing; and for connected purposes.
650 _aDAMP
650 _aHOUSING
650 _aMOULD
650 _aRESIDENTIAL PROPERTY
650 _aSOCIAL HOUSING
650 _aSOCIAL HOUSING (REGULATION) ACT 2023
651 _aUnited Kingdom
690 _96215
_aAffordable housing
856 _uhttps://www.legislation.gov.uk/ukpga/2023/36/contents/enacted
_zAs enacted on Legislation.gov.uk
856 _uhttps://www.gov.uk/government/news/landmark-social-housing-act-receives-royal-assent-to-become-law
_zDLUHC press release
942 _n0
999 _c121631
_d121631